MARC

LEADER 00000nam0a2200000 4500
001 248168
005 20231101232349.0
010 |a 5745500301 
035 |a (RuTPU)RU\TPU\book\269873 
090 |a 248168 
100 |a 20140118d1988 k y0rusy50 ca 
101 0 |a rus 
102 |a RU 
105 |a y z 001zy 
200 1 |a Глобальный анализ и нелинейные уравнения  |e сборник научных трудов  |f Воронежский государственный университет ; под ред. Ю. Г. Борисовича 
210 |a Воронеж  |c Изд-во ВГУ  |d 1988 
215 |a 180 с. 
225 1 |a Новое в глобальном анализе 
320 |a Библиогр. в конце ст. 
606 1 |a Математика  |x Дифференциальные и интегральные уравнения  |2 mars_sh  |3 (RuTPU)RU/URGU/MARSSH/30 
610 1 |a нелинейные уравнения 
610 1 |a анализ 
610 1 |a задачи 
610 1 |a решения 
610 1 |a операторы 
610 1 |a неравенства Морса 
610 1 |a стохастические уравнения 
675 |a 517.92  |v 3 
702 1 |a Борисович  |b Ю. Г.  |4 340 
712 0 2 |a Воронежский государственный университет  |2 stltpush  |3 (RuTPU)RU\TPU\col\4805  |9 24026 
801 1 |a RU  |b 63413507  |c 20140118 
801 2 |a RU  |b 63413507  |c 20140424  |g RCR 
942 |c BK